| 000 | 00424cam a2200169ua 4500 | ||
|---|---|---|---|
| 020 | _c3.50 | ||
| 041 |
_aeng _h |
||
| 082 |
_a823.301 _bBON/GR |
||
| 100 | _aBond, Ruskin . | ||
| 245 |
_aGrandfathers private zoo / _cRuskin Bond. _hTextual Documents |
||
| 260 |
_aNew Delhi : _bOxford & IBH Publishing company , _c1965. |
||
| 300 | _a95 ; . | ||
| 365 | _a3.50 | ||
| 504 | _a | ||
| 942 | _cBK | ||
| 999 |
_c12852 _d12852 |
||